Thermodynamics (Record no. 8344)

000 -LEADER
fixed length control field 00603nam a2200217 i 4500
001 - CONTROL NUMBER
control field 8344
003 - CONTROL NUMBER IDENTIFIER
control field BD-DhUET
008 - FIXED-LENGTH DATA ELEMENTS--GENERAL INFORMATION
fixed length control field 770308s1978 nyua b 001 0 eng
020 ## - INTERNATIONAL STANDARD BOOK NUMBER
International Standard Book Number 0023355301
040 ## - CATALOGING SOURCE
Original cataloging agency DLC
Transcribing agency DLC
Modifying agency BD-DhUET
082 ## - DEWEY DECIMAL CLASSIFICATION NUMBER
Classification number 621.01
Item number FAI/1970
100 ## - MAIN ENTRY--PERSONAL NAME
Personal name Faires, Virgil Moring
245 10 - TITLE STATEMENT
Title Thermodynamics
Statement of responsibility, etc. by Virgil Moring Faires and Clifford Max Simmang
250 ## - EDITION STATEMENT
Edition statement 6th ed.
260 ## - PUBLICATION, DISTRIBUTION, ETC. (IMPRINT)
Place of publication, distribution, etc. New York
Name of publisher, distributor, etc. Macmillan
Date of publication, distribution, etc. 1970
300 ## - PHYSICAL DESCRIPTION
Extent xxiii, 647 p.
Other physical details ill.
Dimensions 26 cm.
504 ## - BIBLIOGRAPHY, ETC. NOTE
Bibliography, etc Includes bibliographies
650 #0 - SUBJECT ADDED ENTRY--TOPICAL TERM
Topical term or geographic name as entry element Thermodynamics
700 ## - ADDED ENTRY--PERSONAL NAME
Personal name Simmang, Clifford Max
942 ## - ADDED ENTRY ELEMENTS (KOHA)
Koha item type General Book
Holdings
Shelving location Koha item type Copy number Date acquired Not for loan Koha normalized classification for sorting Withdrawn status Koha full call number Location (home branch) Sublocation or collection (holding branch) Lost status Source of classification or shelving scheme Price effective from Damaged status Koha date last seen Piece designation (barcode)
Circulation sectionGeneral Book12015-01-20 621_010000000000000_FAI_1978 621.01/FAI/1978Central Library, BUETCentral Library, BUET  2015-01-20 2015-01-2042943
Rental sectionRental Item৬/ক-১1985-06-11 621_010000000000000_FAI_1970 621.01 FAI/1970Central Library, BUETCentral Library, BUET  2024-12-11 2024-12-1163135
Rental sectionRental Item৬/ক-২1985-06-11 621_010000000000000_FAI_1970 621.01 FAI/1970Central Library, BUETCentral Library, BUET  2024-12-11 2024-12-1163136
Rental sectionRental Item৬/ক-৩1985-06-11 621_010000000000000_FAI_1970 621.01 FAI/1970Central Library, BUETCentral Library, BUET  2024-12-11 2024-12-1163137
Rental sectionRental Item৬/ক-৪1985-06-11 621_010000000000000_FAI_1970 621.01 FAI/1970Central Library, BUETCentral Library, BUET  2024-12-11 2024-12-1163138
Rental sectionRental Item৬/ক-৫1985-06-11 621_010000000000000_FAI_1970 621.01 FAI/1970Central Library, BUETCentral Library, BUET  2024-12-11 2024-12-1163139
Rental sectionRental Item৬/ক-৬1985-06-11 621_010000000000000_FAI_1970 621.01 FAI/1970Central Library, BUETCentral Library, BUET  2024-12-11 2024-12-1163140
Rental sectionRental Item৬/ক-৭1985-06-11 621_010000000000000_FAI_1970 621.01 FAI/1970Central Library, BUETCentral Library, BUET  2024-12-11 2024-12-1163141
Rental sectionRental Item৬/ক-৮1985-06-11 621_010000000000000_FAI_1970 621.01 FAI/1970Central Library, BUETCentral Library, BUET  2024-12-11 2024-12-1163142
Rental sectionRental Item৬/ক-৯1985-06-11 621_010000000000000_FAI_1970 621.01 FAI/1970Central Library, BUETCentral Library, BUET  2024-12-11 2024-12-1163143
Rental sectionRental Item৬/ক-১০1985-06-11 621_010000000000000_FAI_1970 621.01 FAI/1970Central Library, BUETCentral Library, BUET  2024-12-11 2024-12-1163144
Rental sectionRental Item৬/ক-১১1985-06-11 621_010000000000000_FAI_1970 621.01 FAI/1970Central Library, BUETCentral Library, BUET  2024-12-11 2024-12-1163145
Rental sectionRental Item৬/ক-১২1985-06-11 621_010000000000000_FAI_1970 621.01 FAI/1970Central Library, BUETCentral Library, BUET  2024-12-11 2024-12-1163146
Rental sectionRental Item৬/ক-১৩1985-06-11 621_010000000000000_FAI_1970 621.01 FAI/1970Central Library, BUETCentral Library, BUET  2024-12-11 2024-12-1163147
Rental sectionRental Item৬/ক-১৪1985-06-11 621_010000000000000_FAI_1970 621.01 FAI/1970Central Library, BUETCentral Library, BUET  2024-12-11 2024-12-1163148
Rental sectionRental Item৬/ক-১৫1985-06-11 621_010000000000000_FAI_1970 621.01 FAI/1970Central Library, BUETCentral Library, BUET  2024-12-11 2024-12-1163149
Rental sectionRental Item৬/ক-১৬1985-06-11 621_010000000000000_FAI_1970 621.01 FAI/1970Central Library, BUETCentral Library, BUET  2024-12-11 2024-12-1163150
Rental sectionRental Item৬/ক-১৭1985-06-11 621_010000000000000_FAI_1970 621.01 FAI/1970Central Library, BUETCentral Library, BUET  2024-12-11 2024-12-1163151
Rental sectionRental Item৬/ক-১৮1985-06-11 621_010000000000000_FAI_1970 621.01 FAI/1970Central Library, BUETCentral Library, BUET  2024-12-11 2024-12-1163152
Rental sectionRental Item৬/ক-১৯1985-06-11 621_010000000000000_FAI_1970 621.01 FAI/1970Central Library, BUETCentral Library, BUET  2024-12-11 2024-12-1163153
Rental sectionRental Item৬/ক-২০1985-06-11 621_010000000000000_FAI_1970 621.01 FAI/1970Central Library, BUETCentral Library, BUET  2024-12-11 2024-12-1163154